Video Games That Start With M - Statistics

General Stats
  • This quiz has been taken 103 times
  • The average score is 11 of 20
Answer Stats
Hint Answer % Correct
Aforementioned plumbers must now compete in a kart racing grand prix. Mario Kart 64
96%
Twin plumbers must defeat creatures coming from the sewers of New York City. Mario Bros.
82%
Build constructions out of textured cubes in a 3D generated world. Minecraft
82%
And now those plumbers must collect as many stars as they can like it's a board game. Mario Party
78%
A monk must save the Earth from an evil sorcerer by participating in a martial arts tournament to the death. Mortal Kombat
69%
Collect power pellets and evade colored ghosts, this time playing as a female version of the main character. Ms. Pac-Man
68%
Take part in the rise and fall of 1930s mafioso Tommy Angelo. Mafia
67%
Clear a rectangular board containing hidden "mines" without detonating any of them. Minesweeper
65%
Humanoid robot is pitted against a mad scientist and six robot masters under his control. Mega Man
63%
Bounty hunter attempts to retrieve parasitic organisms stolen by space pirates who plan to use them as weapons. Metroid
60%
It's like you're actually watching an NFL football game. Yay. Madden NFL
56%
Take the role of a hunter in a fantasy environment and complete quests by hunting specific kinds of monsters to kill or capture. Monster Hunter
53%
Grab a team of characters ranging from Spider-Man, Mega Man, Iron Man,... Zangief... and more. Marvel vs. Capcom
51%
Soldier must save the galaxy from a race of powerful mechanical beings and their agents. Mass Effect
51%
A network of parkour runners act as couriers to transmit messages while evading government surveillance. Mirror's Edge
50%
It's a video game set in WWII. And it was designed by Steven Spielberg. That's pretty much it. Medal of Honor
47%
Soldier infiltrates a nuclear weapons facility to stop a rogue special units force from launching a nuclear strike. Metal Gear Solid
39%
NYPD detective attempts to avenge the murder of his family. Max Payne
32%
Themed around the popular toys, players race in miniaturized toy vehicles around various environments. Micro Machines
29%
Kinda like Dungeons & Dragons, yet still has some science fiction elements to it. Might & Magic
7%
No matching quizzes found
Score Distribution
Percent of People with Each Score
Percentile by Number Answered
Your Score History
You have not taken this quiz